| 000 | 00789cam a2200205u 4500 | ||
|---|---|---|---|
| 001 | 000011408 | ||
| 005 | 20200929162438.0 | ||
| 008 | 810429s1957 mx a 000 0 spa | ||
| 040 |
_aDO-SdBNP _bspa _cBNPHU |
||
| 100 | 1 |
_aGoodman, Louis S., _d1906- _927047 |
|
| 240 | 1 | 0 |
_aPharmacological basis of therapeutics. _lEspañol |
| 245 | 1 | 0 |
_aBases farmacológicas de la terapéutica / _cLouis S. Gooman, Alfred Gilman ; traducción A. Palacios López y H. Vela Treviño. |
| 260 |
_aMéxico : _bUnion Tipográfica Editorial Hispano-Américana, _c1957. |
||
| 300 |
_av. : ; _c25 cm. |
||
| 500 | _aTraducido del inglés | ||
| 500 | _aLa biblioteca posee el volúmen 2 | ||
| 700 | 1 |
_aGilman, Alfred _927048 |
|
| 700 | 1 |
_aPalacios López, A., _etr. _927049 |
|
| 700 | 1 |
_aVela Treviño, H. _etr. _927050 |
|
| 999 |
_c11114 _d11114 |
||